| 000 | 00515nam a2200217Ia 4500 | ||
|---|---|---|---|
| 003 | OSt | ||
| 005 | 20230415090743.0 | ||
| 008 | 210423s2004 xx 000 0 und d | ||
| 020 | _a240515870 | ||
| 040 | _cAL | ||
| 041 | _aeng | ||
| 082 |
_a621.381 _223 _b WATJ |
||
| 100 |
_aWATKINSON (John). _988584 |
||
| 245 | _aArt of digital audio. | ||
| 250 | _a3 | ||
| 260 |
_aNew York _bElsevier India _c2004 |
||
| 300 |
_axiv,752 _bHB |
||
| 365 |
_b6137 _cINR |
||
| 906 | _aArt ; audio ; digital | ||
| 942 |
_2ddc _cBK |
||
| 999 |
_c157495 _d157495 |
||